<?xml version="1.0" encoding="UTF-8"?><?xml-stylesheet type="text/xsl" href="static/style.xsl"?><OAI-PMH xmlns="http://www.openarchives.org/OAI/2.0/" xmlns:xsi="http://www.w3.org/2001/XMLSchema-instance" xsi:schemaLocation="http://www.openarchives.org/OAI/2.0/ http://www.openarchives.org/OAI/2.0/OAI-PMH.xsd"><responseDate>2026-04-18T05:32:10Z</responseDate><request verb="GetRecord" identifier="oai:www.recercat.cat:2117/116929" metadataPrefix="marc">https://recercat.cat/oai/request</request><GetRecord><record><header><identifier>oai:recercat.cat:2117/116929</identifier><datestamp>2026-02-02T09:40:03Z</datestamp><setSpec>com_2072_1033</setSpec><setSpec>col_2072_452950</setSpec></header><metadata><record xmlns="http://www.loc.gov/MARC21/slim" xmlns:dcterms="http://purl.org/dc/terms/" xmlns:xsi="http://www.w3.org/2001/XMLSchema-instance" xmlns:doc="http://www.lyncode.com/xoai" xsi:schemaLocation="http://www.loc.gov/MARC21/slim http://www.loc.gov/standards/marcxml/schema/MARC21slim.xsd">
   <leader>00925njm 22002777a 4500</leader>
   <datafield ind2=" " ind1=" " tag="042">
      <subfield code="a">dc</subfield>
   </datafield>
   <datafield ind2=" " ind1=" " tag="720">
      <subfield code="a">Christel, Isadora</subfield>
      <subfield code="e">author</subfield>
   </datafield>
   <datafield ind2=" " ind1=" " tag="720">
      <subfield code="a">Hemment, Drew</subfield>
      <subfield code="e">author</subfield>
   </datafield>
   <datafield ind2=" " ind1=" " tag="720">
      <subfield code="a">Bojovic, Dragana</subfield>
      <subfield code="e">author</subfield>
   </datafield>
   <datafield ind2=" " ind1=" " tag="720">
      <subfield code="a">Cucchietti, Fernando</subfield>
      <subfield code="e">author</subfield>
   </datafield>
   <datafield ind2=" " ind1=" " tag="720">
      <subfield code="a">Calvo, Luz</subfield>
      <subfield code="e">author</subfield>
   </datafield>
   <datafield ind2=" " ind1=" " tag="720">
      <subfield code="a">Stefaner, Moritz</subfield>
      <subfield code="e">author</subfield>
   </datafield>
   <datafield ind2=" " ind1=" " tag="720">
      <subfield code="a">Buontempo, Carlo</subfield>
      <subfield code="e">author</subfield>
   </datafield>
   <datafield ind2=" " ind1=" " tag="260">
      <subfield code="c">2018-01</subfield>
   </datafield>
   <datafield ind2=" " ind1=" " tag="520">
      <subfield code="a">Seasonal to decadal climate predictions have the potential to inform different sectors in adapting their short to medium term practices and plans to climate variability and change. The data these predictions generate, however, is still not readily usable, nor widely used in decision-making. This paper addresses two key challenges: a domain challenge pertaining to an emerging climate services market, where users, tasks and data may be unknown; and an informational challenge pertaining to the interpretation, use and adoption of novel and complex scientific data.&#xd;
The paper provides insights into the contributions design can offer to the development of climate services. We illustrate the key steps and share the main lessons learnt from our experience in the creation of Project Ukko (http://project-ukko.net), a fully working climate services prototype developed within the European project EUPORIAS. To address the domain challenge in climate services, extensive engagement with science and industry stakeholders was required. To address the informational challenge, we applied visualisation techniques that can help users to interpret and utilise the information as simply and quickly as possible. Fostering interdisciplinary teams of design researchers, climate scientists and communication specialists brought a wide range of expertise and competences in all stages of climate services development. Specifically, the project recognised the role of users in co-designing the product. This helped to improve the usability of climate predictions, tailor climate information to answer actual needs of users, better communicate uncertainty, and bridge the gap between state-of-the-art climate predictions and users’ readiness to apply this novel information.</subfield>
   </datafield>
   <datafield ind2=" " ind1=" " tag="520">
      <subfield code="a">EUPORIAS is a project funded by the EU 7th Framework Programme and led by the UK Met Office. The research leading to these results has received funding from the EU Seventh Framework Programme FP7(2007-2013) under grant agreement n. GA 308291&#xd;
(EUPORIAS), n. GA 308378 (SPECS) and the Ministerio de Economía y Competitividad (MINECO) under the project CGL2013-41055-R (RESILIENCE).&#xd;
Project Ukko is a FutureEverything and BSC project for EUPORIAS; Data visualisation by Moritz Stefaner. The Project Ukko project&#xd;
director and design research lead is Drew Hemment. Special thanks to the scientific team (Verónica Torralba, Francisco Doblas-Reyes,&#xd;
Nube Gonzalez-Reviriego, Albert Soret and Melanie Davis) and the design team (Stefanie Posavec, Dominikus Baur and Tom Rowlands).&#xd;
Project Ukko user evaluation by Stephann Makri. Wind power capacity data was generously provided by thewindpower.net.&#xd;
We thank Jason Dykes for comments that improved the paper.</subfield>
   </datafield>
   <datafield ind2=" " ind1=" " tag="520">
      <subfield code="a">Peer Reviewed</subfield>
   </datafield>
   <datafield ind2=" " ind1=" " tag="520">
      <subfield code="a">Postprint (published version)</subfield>
   </datafield>
   <datafield tag="653" ind2=" " ind1=" ">
      <subfield code="a">Àrees temàtiques de la UPC::Energies</subfield>
   </datafield>
   <datafield tag="653" ind2=" " ind1=" ">
      <subfield code="a">Wind energy</subfield>
   </datafield>
   <datafield tag="653" ind2=" " ind1=" ">
      <subfield code="a">Climatology</subfield>
   </datafield>
   <datafield tag="653" ind2=" " ind1=" ">
      <subfield code="a">Visualization</subfield>
   </datafield>
   <datafield tag="653" ind2=" " ind1=" ">
      <subfield code="a">Visualisation</subfield>
   </datafield>
   <datafield tag="653" ind2=" " ind1=" ">
      <subfield code="a">Human-centred design</subfield>
   </datafield>
   <datafield tag="653" ind2=" " ind1=" ">
      <subfield code="a">User engagement</subfield>
   </datafield>
   <datafield tag="653" ind2=" " ind1=" ">
      <subfield code="a">Wind energy</subfield>
   </datafield>
   <datafield tag="653" ind2=" " ind1=" ">
      <subfield code="a">Climate predictions</subfield>
   </datafield>
   <datafield tag="653" ind2=" " ind1=" ">
      <subfield code="a">Prototype</subfield>
   </datafield>
   <datafield tag="653" ind2=" " ind1=" ">
      <subfield code="a">Meteorologia--Observacions</subfield>
   </datafield>
   <datafield tag="653" ind2=" " ind1=" ">
      <subfield code="a">Energia eòlica</subfield>
   </datafield>
   <datafield tag="653" ind2=" " ind1=" ">
      <subfield code="a">Visualització</subfield>
   </datafield>
   <datafield ind2="0" ind1="0" tag="245">
      <subfield code="a">Introducing design in the development of effective climate services</subfield>
   </datafield>
</record></metadata></record></GetRecord></OAI-PMH>